| 000 | 00897cam a22002774a 4500 | ||
|---|---|---|---|
| 003 | UPN | ||
| 005 | 20220701133822.0 | ||
| 008 | 101025s2003 es a r 000 0 spa d | ||
| 020 | _a8476426674 (NAU Llibres) | ||
| 020 | _a8480635460 (Octaedro) | ||
| 035 | _aUPN01000178358 | ||
| 040 |
_aUPN _bspa _cUPN |
||
| 049 | _aCG | ||
| 050 | 4 |
_aPN1997 A5.6 _bA3.2 |
|
| 100 | 1 | _aMartí Pallarés, Eugenio | |
| 245 | 1 | 0 |
_aAnnie Hall : _bWoody Allen (1977) / _cEugenio Martí Pallarés, Rafael Cherta Puig. |
| 260 |
_aValencia, Esp. : _bNAU Llibres : _bOctaedro, _c2003. |
||
| 300 |
_a109 p. : _bil. |
||
| 490 | 0 | _aGuías para ver y analizar cine | |
| 600 | 1 | 4 |
_aAllen, Woody, _d1935- _928423 |
| 650 | 4 |
_aAnnie Hall (Película cinematográfica) _918727 |
|
| 650 | 4 |
_aProductores y directores cinematográficos _9463 |
|
| 700 | 1 |
_aCherta Puig, Rafael, _ecoaut. |
|
| 905 | _aLibro | ||
| 942 |
_2lcc _cLIBRO |
||
| 999 |
_c150461 _d150461 |
||